Регионална библиотека "Любен Каравелов" - Русе

Атлантският ген (Запис номер 170363)

MARC детайли
000 -Лидер
Контролно поле с фиксирана дължина 01460nam a2200385 c 4500
003 - Код на организацията, давaща контролен номер
Контролно поле BLK
005 - Дата и час на последна редакция
Контролно поле 20250612114220.0
008 - Елементи от данни с фиксирана дължина
fixed length control field 180411b bul|||||r ||||||| ||bul||
010 ## - Наследен системен номер
LC control number KNG00178500000
020 ## - Международен стандартен номер на книга ISBN
Международен стандартен номер на книга ISBN 978-954-655-602-8
-- издат.: Бард
040 ## - Източник на каталожния запис
Идентификатор на билиотеката - собственик на записа BLK
041 ## - Код за език
Код за езика на текст/звукозапис или на отделно заглавие Български
Код за езика КДБФ Български
072 #7 - Код за тематичната категория
Код организация bullib
Код за тематична категория Н8301
Текст Трилъри Н
080 ## - УДК
Текстов определител УДК Американска литература (на САЩ)
УДК код - определител по УДК 821.111(73)
УДК определител -312.4
УДК - код + определител 821.111(73)-312.4
100 1# - Редна дума - Автор
Автор Ридъл, А. Дж.
Авторска отговорност първи автор
R(LIN) 338524
139 ## - Редно поле
Редна дума Ридъл, А. Дж.
Авторски знак Рид - Р 59
245 10 - Сведения за заглавието
Заглавие Атлантският ген
Подзаглавни данни Роман
Редно поле (дума) А. Дж. Ридъл; прев. Юлиян Иванов Стойнов.
257 ## - Страна на издаване
Страна на създаване/издаване Съединени американски щати
260 ## - Област на издателските данни
-- София
Име на издателя, разпространителя и проч. Бард
Година на издаване 2015
Печатница Хасково : Полиграфюг
300 ## - Физическа характеристика
Страници 528 с.
Размери/Мащаб 20 см
380 ## - Жанр
Жанр Худож. лит.
490 1# - СЕРИИ (Колекции)
Име на серия Кралете на трилъра
490 1# - СЕРИИ (Колекции)
-- Подсерия
Име на серия Серия Тайнството на произхода
№: серия 1
500 ## - Общи забележки
Забележка Ориг. загл. The Atlantis Gene / A. G. Riddle.
653 ## - Ключова дума – ненормативна
Ключова дума трилъри
653 ## - Ключова дума – ненормативна
Ключова дума романи
659 ## - Тематичен бюлетин
Тематичен бюлетин Н
700 ## - Други автори (авторска отговорност)
Лично име Стойнов, Юлиян Иванов
9 (RLIN) 249851
852 ## - Местоположение
Форматна сигнатура Цб 275525
856 4# - Електронен адрес и достъп
Електронен формат pdf - файл
Път до файла /url/
856 4# - Електронен адрес и достъп
Електронен формат pdf - файл
Път до файла /url/
942 ## - АРТИКУЛИ
Вид на библиотечния материал Книги
Скрит в OPAC Не
Koha issues (borrowed), all copies 37
944 ## - СЪЗДАВАНЕ И РЕДАКЦИЯ на ЗАПИСА
Създаване/Редакция Създаване
Дата на регистрацията/редакция 20.07.2015
Статус, дата на статуса Цветелина Шанова
Служител, извършил регистрацията/редакцията 30531
944 ## - СЪЗДАВАНЕ И РЕДАКЦИЯ на ЗАПИСА
Създаване/Редакция Редакция
Дата на регистрацията/редакция 13.06.2016
Статус, дата на статуса ф /
Служител, извършил регистрацията/редакцията Пенка_Димитрова
999 ## - СИСТЕМНИ КОНТРОЛНИ НОМЕРА
Koha biblionumber 170363
Koha biblioitemnumber 170363
Наличности
Код за отписване Код за изгубен артикул Код за повреда Коз за рестрикции Код за отдаване Артикулен № Име на библиотеката - собственик Име на библиотеката, в която се намира в момента Статус (Текущо местоположение) Дата на вписване в системата Местоположение - отдел Цена в лева Инвентарен номер Систематично азбучна сигнатура Баркод Номер на екземпляра Цена в евро Служебна бележка Служебен тип на артикула Източник на класификационната схема
Изтеглен Не е изгубен Не е повреден без рестрикции заемане за дома 288598 Регионална библиотека "Любен Каравелов" Русе Регионална библиотека "Любен Каравелов" Русе Заемна - подръчен фонд 2015-07-21 Заемна - подръчен фонд 13.25 120000790345 П 820(73)-31/Р 59 120000790345 1 6.77 Дост: Pk Вид: Ф N: 522 Дата: 17.07.2015 Дата инв: 24.02.2018 Бележки инв: П2018 Книги  
  Не е изгубен Не е повреден без рестрикции заемане за дома 288599 Регионална библиотека "Любен Каравелов" Русе Регионална библиотека "Любен Каравелов" Русе Заемна - подръчен фонд 2015-10-28 Заемна - подръчен фонд 13.25 120000794174 П 820(73)-31/Р 59 120000794174 2 6.77 Дост: Pk Вид: Ф N: 551 Дата: 15.10.2015 Дата инв: 17.02.2018 Бележки инв: П2018 Книги Universal Decimal Classification
  Не е изгубен Не е повреден без рестрикции ползва се в читалня 288600 Регионална библиотека "Любен Каравелов" Русе Регионална библиотека "Любен Каравелов" Русе Хранилище 2016-06-13 Хранилище 16.99 120000800897 Цб 275525 120000800897 3 8.69 Дост: Dp Вид: Д N: 18 Дата: 05.04.2016 Книги  
Vip Innovations Ltd, Rousse, Bulgaria 2025